000 00738nam a2200217 a 4500
999 _c11346
_d11346
001 11346
003 BD-JhCC
005 20190831090414.0
008 190831s19872019bg |||| ||a| 000 0 ben d
035 _a(BD-JhCC)11346
040 _aBD-JhCC
_dBD-JhCC
041 _aben
082 _a519.5
_bAZI 2019
100 _aআজাদ, এ কে
245 _aপরিসংখ্যান একাদশ ও দ্বাদশ শ্রেণি প্রথম ও দ্বিতীয় পত্র /
_cএ কে আজাদ ।
260 _aঢাকা:
_bস্টারলিং পাবলিকেশন;
_c২০১৯.
300 _avries pages
_c24 cm.
650 _a Statistics
942 _2ddc
_cBK